African 'C' Blitz Quiz Stats

 Plays Quiz Updated Mar 6, 2020

Support Sporcle.
Go Orange.
Score 0/6 Timer 01:00
8 Plays Today
% Correct
Chad
91.2%
Cameroon
85.2%
Comoros
76.5%
Central African Republic
74.6%
Cabo Verde
66.7%
Côte d’Ivoire
54.1%

From the Vault

Four Color Map Theorem

by Ricciardo

Playing this quiz is like using the Paint Bucket tool in Photoshop.
Remove Ads.
Support Sporcle.
Get the best of Sporcle when you Go Orange. This ad-free experience offers more features, more stats, and more fun while also helping to support Sporcle. Thank you for becoming a member.

Show Comments

Extras

Top Quizzes Today


Score Distribution

Your Account Isn't Verified!

In order to create a playlist on Sporcle, you need to verify the email address you used during registration. Go to your Sporcle Settings to finish the process.

Report this User

Report this user for behavior that violates our Community Guidelines.

Details: